Music, physics and engineering.
Guardado en:
| Autor principal: | |
|---|---|
| Formato: | Libro |
| Lenguaje: | inglés |
| Publicado: |
New York, USA
Dover
1967
|
| Edición: | Segunda edición |
| Materias: | |
| Etiquetas: |
Agregar Etiqueta
Sin Etiquetas, Sea el primero en etiquetar este registro!
|
MARC
| LEADER | 00000nam a2200000 a 4500 | ||
|---|---|---|---|
| 001 | UCX0701 | ||
| 003 | CL-VaPUC | ||
| 005 | 20230608074348.0 | ||
| 008 | 900112e19670000US |||||||||||||||||eng|d | ||
| 999 | |c 222219 |d 222217 | ||
| 040 | |c Pontificia Universidad Católica de Valparaíso | ||
| 082 | 0 | 4 | |a 534 OLS 1967 |2 21 |
| 100 | |a Olson, Harry F. |e author |9 316130 | ||
| 245 | 1 | 0 | |a Music, physics and engineering. |
| 250 | |a Segunda edición | ||
| 260 | 0 | 3 | |a New York, USA |b Dover |c 1967 |
| 300 | |a 460 páginas | ||
| 583 | |a last modification |c 20170406 02:50:00 |k Rodrigo Vera | ||
| 650 | 0 | |a Música |9 306269 | |
| 650 | 0 | |a Instrumentos musicales |9 306600 | |
| 650 | 0 | |a Acústica |9 265389 | |
| 650 | 0 | |a Sonido |9 261796 | |
| 942 | |c BK |2 ddc | ||
| 945 | |d 19900112 00:00:00 | ||
| 952 | |0 0 |1 0 |2 ddc |4 0 |6 534_000000000000000_OLS_1967 |7 0 |8 A |9 216628 |a BIBCUR |b BIBCUR |d 2019-11-15 |i 3252574 |o 534 OLS 1967 |p 3252574 |r 2025-04-22 |t 1 |w 2019-11-15 |y BK |k FIS | ||